| 000 | 00684nam a2200205 i 4500 | ||
|---|---|---|---|
| 001 | 99891 | ||
| 003 | ES-MaACL | ||
| 005 | 20251220172719.0 | ||
| 007 | t| | ||
| 008 | 050919s1967 sp ||||1| spa d | ||
| 100 | 1 |
_aMartínez Fernández, Luis. _978081 |
|
| 245 | 1 | 0 |
_aSacra doctrina y progreso dogmático en los "Reportata" inéditos de Juan de Guevara / _cLuis Martínez Fernández. |
| 260 |
_aVitoria : _bEditorial Eset, _c1967. |
||
| 300 |
_aXVII, 595 p. ; _c25 cm. |
||
| 490 | 1 |
_aVictoriensia ; _v26 |
|
| 710 | 2 |
_aSeminario Diocesano de Vitoria _96563 |
|
| 830 | 0 |
_aVictoriensia ; _v26 _9181754 |
|
| 852 |
_aES-MaACL _jC-33727 _bR.64728 |
||
| 999 |
_c99891 _d99891 |
||